Az út Utazás Moszkvába /

Elmentve itt :
Bibliográfiai részletek
Szerző: Podmaniczky Frigyes
Dokumentumtípus: Cikk
Megjelent: 1946
Sorozat:Irodalom, tudomány : a Magyar-Szovjet Művelődési Társaság folyóirata 1 No. 3
Kulcsszavak:Magyar irodalom - útleírás, Útleírás - magyar - 19. sz., Moszkva
Online Access:http://misc.bibl.u-szeged.hu/3606
LEADER 00661nab a2200169 i 4500
001 misc3606
005 20191106141846.0
008 170607s1946 hu o 0|| hun d
040 |a SZTE Miscellanea Repozitórium  |b hun 
041 |a hun 
100 1 |a Podmaniczky Frigyes 
245 1 3 |a Az út   |h [elektronikus dokumentum] :  |b Utazás Moszkvába /  |c  Podmaniczky Frigyes 
260 |c 1946 
300 |a 55-65 
490 0 |a Irodalom, tudomány : a Magyar-Szovjet Művelődési Társaság folyóirata  |v 1 No. 3 
695 |a Magyar irodalom - útleírás, Útleírás - magyar - 19. sz., Moszkva 
856 4 0 |u http://misc.bibl.u-szeged.hu/3606/1/irtud_003_055-065.pdf  |z Dokumentum-elérés